1112 1439 1255 1394 1676 1456 1393 1244 1100 1641 1997 1102 1200 1140 1210 1956 1512 1218 1152 1133 1009 1191 1684 1140 1146 1135 1776 1966 1002 1824 1525 1536 1174 1804 1366 1155 1527 1778 1783 1995 1699 1071 1367 1451 1142 1583 1054 1705 1874 1556 1446 1616 1057 1183 1311 1769 1308 1485 1878 1045 1210 1688 1749 1495 1901 1862 1761 1319 1872 1658 1682 1192 1268 1666 1613 1165 1340 1088 1245 1710 1634 1492 1049 1212 1314 1103 1298 1986 1974 1712 1362 1409 1730 1791 1081 1119 1072 1108 1423 BCNSPRNW ULIB Ver.6.0+V

เปลี่ยนเป็นภาษาไทย

Change to English
 แสดงรายละเอียดบรรณานุกรม
  กลับหน้าหลัก

Brief Record : Get Marc (ISO 2709) : E-mail record : QR code < ปิดหน้าต่าง
LEADER : 00000nam 2200000uu 4500
001    13399111529
003     ULIB
008    110630s||||||||th 000 0 tha d
020    9748346676
050  4 BQ4028^bพ361ศ 2543
100 0  สมเด็จพระพุฒาจารย์ (อาจ อาสภมหาเถร)
245 10 ศาสนาประจำชาติไทย /^c[สมเด็จพระพุฒาจารย์ (อาจ อาสภมหาเถร)]
250    พิมพ์ครั้งที่ 1
260    กรุงเทพฯ :^bโรงพิมพ์สหธรรมิก,^c2543
300    (8), 70 หน้า ;^c19 ซม.
500    พระบุญรอด สุปสนฺโนและผู้ศรัทธาในธรรมพิมพ์เป็นธรรมทาน
650  7 พุทธศาสนา^zไทย
945    ^p0^l0^i011782
995    ทศพร
999 ^a ใช้งานได้ทุกระบบ
รายการนี้ยังไม่มีแท็ก
คุณยังไม่ได้ล็อกอิน คุณสามารถมีกิจกรรมร่วมกับเว็บไซต์ได้ แต่ต้องล็อกอินก่อน ::
  ล็อกอิน

รายการสื่อสารสนเทศ

ลำดับที่ ประเภท เลขเรียก/บาร์โค้ด สถานที่ สถานะ
- ไม่พบข้อมูล -

BibComment


ยังไม่เคยถูกคอมเมนท์

คอมเมนท์ทรัพยากรรายการนี้
  คอมเมนท์: ศาสนาประจำชาติไทย..


 Copyright 2026. Bcnsprnw @Library